000 00973cam a22003137a 4500
003 CHAP
005 20220329143021.0
008 050822d1996 mx r 00110 spa d
010 _a90730
011 _a91702
020 _a9688533203
035 _a102263
040 _cCHAP
082 0 4 _a371.3
_bS47
100 0 0 _aSerafini, Ma. Teresa.
_9104529
245 1 0 _aCómo se estudia :
_bla organización del trabajo intelectual
_c/por Ma. Teresa Serafini
260 _aMéxico, D. F. :
_bPaidós,
_c1996.
300 _a323 p.
590 _aBATCH-UPD
_b10
_c20130110
_lUCH01
_h0638
590 _aBATCH-UPD
_b10
_c20130410
_lUCH01
_h0322
590 _aBATCH-UPD
_b10
_c20130914
_lUCH01
_h1821
590 _aCONVERSION
_b10
_c20130109
_lUCH01
_h1350
650 1 4 _aAprendizaje.
_96370
650 1 4 _aMétodos de estudio.
_976629
901 _aBK
905 _aLilia
942 _cLIBRO
949 _a371.3 S47
_bBC
_cLIBRO
_d33724000991444
_eLIBRO
_gI.c/e Rep.
_h106558
_i102263
_si
_t$230.00
999 _c90730
_d90730